Statistiques concernant Partenaires commerciaux du Royaume-Uni

Cliquez ici pour prendre le quiz!

Statistiques générales

  • Ce quiz a été pris 9 106 fois
    (4 819 depuis la dernière actualisation)
  • Le résultat moyen est 16 sur 19

Statistiques - réponses

ExportImportPays% Correct
23,529,3France
100%
57,758,2Etats-Unis
99%
29,390,2Chine
98%
11,118,3Espagne
97%
41,273,3Allemagne
96%
7,6415,0Canada
95%
24,5Russie
94%
10,923,0Italie
92%
7,30Japon
91%
27,317,0Irlande
89%
10,4Australie
88%
13,528,4Belgique
87%
24,845,5Pays-Bas
86%
13,7Norvège
82%
5,8513,7Pologne
79%
19,9
11,7Suisse
75%
6,3611,4Turquie
64%
6,29Émirats
arabes unis
31%
5,70Singapour
29%

Distribution des résultats

Percentile par nombre de réponses

% des personnes avec chaque résultat

Votre développement - résultats

Vous n’avez pas pris ce quiz depuis la dernière actualisation